000 00926nam a22003017a 4500
001 00005247
003 DO-SdBPM
005 20250806141622.0
008 160520b 2007 cl 00| 0 spa d
020 _a9962650585
040 _aDO-SdBPM
_bspa
_cBPMSU
_erda
082 4 _aP863.6
_bF676o 2007
_222
100 1 _aFonseca Mora, Ramón,
_d1952-
_eautor
245 1 0 _aOjitos de ángel /
_cRamón Fonseca Mora.
260 _a
_b
_c .
_g
264 _a Colombia :
_bSantillana Ediciones
_c2007
300 _a157 páginas ;
_c22 cm.
336 _atexto
_btxt
_2rdacontent
337 _asin mediación
_bnc
_2rdamedia
338 _avolumen
_bnc
_2rdacarrier
500 _aIncluye datos biográficos del autor en la solapa de la contracubierta.
500 _a
590 _aInventariado, 2025/VM
650 7 _aNovela panameña
650 7 _aNovela amorosa
910 _aVMateo V. Control de calidad. BPMSU
942 _2ddc
_cBK
999 _c10186
_d10186